Personnages de Your Name. - Clic quiz d'images - Statistiques

Statistiques générales
  • Ce quiz a été pris 122 fois
  • Le résultat moyen est 5 sur 9
Statistiques - réponses
Hint Réponse % Correct
Mitsuha Miyamizu
90%
Taki Tachibana
79%
Yotsuha Miyamizu
57%
Miki Okudera
56%
Katsuhiko "Tessie" Teshigawara
51%
Sayaka Natori
46%
Tsukasa Fujii
44%
Hitoha Miyamizu
33%
Shinta Takagi
28%
Aucun quiz correspondant
Distribution des résultats
% des personnes avec chaque résultat
Percentile par nombre de réponses
Votre historique - résultats
Vous n’avez pas pris ce quiz